000 00882nam a2200253Ia 4500
999 _c54306
_d54306
001 21362
003 GE_BSU
005 20240212145534.0
008 181216s||||||||xx |||||||||||||| ||und||
020 _a9780262640688x
040 _cGE_BSU
080 _a004.16 N-75
100 _aNisan, Noam
_912762
245 4 _aThe Elements of Computing Systems :
_bBuilding a Modern Computer from First Principles /
_cNoam Nisan, Shimon Schocken.
264 _aLondon :
_bCambridge Massachusetts,
_c2008.
300 _a324 p. ;
_c23 cm.
541 _h114 Gel.
653 _aThe Elements of Computing Systems
653 _aBuilding a Modern Computer from First Principles
653 _aИнформационные технологии
653 _aსაინფორმაციო ტექნოლოგიები
700 _aSchocken, Shimon
_eby
_912763
942 _cBK
_2udc